000 00620nam a22002057a 4500
999 _c172822
_d172822
005 20200213124756.0
010 _aENG-127832
020 _c895.00
_a9788194006626
035 _aEN-111364
037 _bDBAD/PUB
082 _a358.400954
100 _aShahi,R.C
245 _aHistory of Indian Air Force/
_cby R.C.Shahi
250 _a1st
260 _bAkashdeep publications
_aNew Delhi
_c2019
270 _a 1/1079E,Mehrauli
300 _a224p.
_c22cm(hb)
500 _aincludes index.
942 _2ddc
_cEN
_h358.400954
_mSHA